Kockázatkezelés szerepe a projektek sikerében

Bibliográfiai részletek
Szerző: Csapkovics Laura Cintia
További közreműködők: Szabó Károly
Dokumentumtípus: TDK dolgozat
Kulcsszavak:analóg módszerek
kockázatkezelés
projekt(ek)
sikertényezők
szoftveres eszközök
Online Access:http://dolgozattar.uni-bge.hu/60432

MARC

LEADER 00000nta a2200000 i 4500
001 dolg60432
005 20260416073703.0
008 260416suuuu hu o 000 hun d
040 |a BGE Dolgozattár Repozitórium  |b hun 
041 |a hu 
100 1 |a Csapkovics Laura Cintia 
245 1 0 |a Kockázatkezelés szerepe a projektek sikerében  |c Csapkovics Laura Cintia  |h [elektronikus dokumentum] 
516 |a Students_Scientific_Association_paper 
520 3 |a A magyar és a nemzetközi szakirodalom is régóta foglalkozik a projektek hatékony, célravezető menedzselésével. Számos kutatás, írás született arról, hogy milyen módszertanokat, és azoknak milyen kombinációját érdemes használni siker elérése érdekében. Sokan leginkább már az agilis, flexibilisebb megoldásokat preferálják a változó környezethez való könnyebb igazodás érdekében. Kutatásom során többek között arra is kerestem a választ, hogy a projekt felelősök, projektekben résztvevő személyek, miként vélekednek a kockázatkezelésről és milyen hatásait látják a sikeres projekt zárásra. Emellett kíváncsi voltam a szoftveres és analóg megoldások együttes alkalmazásárnak hatására is a kockázatkezelésben. Interjús és kérdőíves felméréseim eredményei alapján elmondható, hogy a folyamatos kockázatkezelés valóban hatékonynak mutatkozik, azonban a szoftveres megoldások, elképzeléseimmel ellentétben, nincsenek akkora hatással a kockázatkezelés hatékonyságára. 
695 |a analóg módszerek 
695 |a kockázatkezelés 
695 |a projekt(ek) 
695 |a sikertényezők 
695 |a szoftveres eszközök 
700 1 |a Szabó Károly  |e ths 
856 4 0 |u http://dolgozattar.uni-bge.hu/60432/1/Kock%C3%A1zatkezel%C3%A9s%20szerepe%20a%20projektek%20siker%C3%A9ben-Csapkovics%20Laura%20Cintia.pdf  |z Dokumentum-elérés 
856 4 0 |u http://dolgozattar.uni-bge.hu/60432/2/%C3%81bra%20mell%C3%A9klet.pdf  |z Dokumentum-elérés 
856 4 0 |u http://dolgozattar.uni-bge.hu/60432/3/Csapkovics%20Laura%20Cintia-Absztrakt-Kock%C3%A1zatkezel%C3%A9s%20szerepe%20a%20projektek%20siker%C3%A9ben.pdf  |z Dokumentum-elérés 
856 4 0 |u http://dolgozattar.uni-bge.hu/60432/4/05_Dolgozat_biralati_lap_2025_Csapkovics%20Laura%20Cintia.pdf  |z Dokumentum-elérés 
856 4 0 |u http://dolgozattar.uni-bge.hu/60432/5/05_Dolgozat_biralati_lap_2025_HUCsapkovics%20Laura%20Cintia.pdf  |z Dokumentum-elérés